| 000 | 01804nam a2200289Ia 4500 | ||
|---|---|---|---|
| 999 |
_c56515 _d56515 |
||
| 001 | 23629 | ||
| 003 | GE_BSU | ||
| 005 | 20191029110800.0 | ||
| 008 | 181216s2016|||| |||||||||||||| ||geo|| | ||
| 020 | _a9789941135002 | ||
| 041 | _ageo | ||
| 080 | _a330.35(100) უ-24 | ||
| 100 |
_aუეილი, დევიდ ნ. _95050 |
||
| 245 |
_aეკონომიკური ზრდა= ECONOMIC GROWTH / _cდევიდ ნ.უეილი ; მთარგმნ : მალხაზ ჩიქობავა ; ნაზირა კაკულია ; სამეცნ : რედ : ნოდარ ხადური . |
||
| 250 | _aმე-3 გამოცემა. | ||
| 264 |
_aთბილისი : _bთბილ. უნ-ტის გამ-ბა, _c2016. |
||
| 300 |
_a556 გვ..: _b 2 ჩაკეც. ფ. : ნახ. ; _c24 სმ. |
||
| 504 | _aსაძიებელი: გვ. 536-555.ბიბლიოგრ.: გვ. 514-529. | ||
| 520 | _aდაფინანსებულია საქართველოში აშშ-ის საელჩოს წიგნების თარგმნის პროგრამის ფარგლებში. | ||
| 546 | _aდამატებითი სატიტულო გვერდი ინგლ. ენაზე | ||
| 653 | _aეკონომიკა | ||
| 653 | _aეკონომიკური ზრდა მსოფლიოში. | ||
| 700 |
_aჩიქობავა, მალხაზ _eმთარგმნელი _95051 |
||
| 700 |
_aკაკულია, ნაზირა _eმთარგმნელი _95052 |
||
| 700 |
_aხადური, ნოდარ _eსამეცნიერო რედაქტორი _92166 |
||
| 942 |
_cBK _2udc |
||